Central Library OPAC University of Rajshahi

A short history of modern philosophy : (Record no. 56791)

MARC details
000 -LEADER
fixed length control field 00898nam a2200277 a 4500
001 - CONTROL NUMBER
control field 56791
003 - CONTROL NUMBER IDENTIFIER
rucl marc code BD-RjUL
005 - DATE AND TIME OF LATEST TRANSACTION
control field 20211209080431.0
008 - FIXED-LENGTH DATA ELEMENTS--GENERAL INFORMATION
fixed length control field 161204r20021995enk b 001 0 eng
020 ## - INTERNATIONAL STANDARD BOOK NUMBER
International Standard Book Number 0415267625 (hb)
International Standard Book Number 0415267633 (pbk.)
035 ## - SYSTEM CONTROL NUMBER
System control number (BD-RjUL)56915
040 ## - CATALOGING SOURCE
Original cataloging agency DLC
Transcribing agency DLC
Modifying agency BD-RjUL
Language of cataloging eng
041 ## - LANGUAGE CODE
Language code of text/sound track or separate title eng
082 00 - DEWEY DECIMAL CLASSIFICATION NUMBER
Classification number 190
Edition number 23
Author mark and year SCS 2002
100 1# - MAIN ENTRY--PERSONAL NAME
Personal name Scruton, Roger.
9 (RLIN) 168879
245 12 - TITLE STATEMENT
Title A short history of modern philosophy :
Remainder of title from Descartes to Wittgenstein /
Statement of responsibility, etc. Roger Scruton.
250 ## - EDITION STATEMENT
Edition statement 2nd ed., [rev.].
260 ## - PUBLICATION, DISTRIBUTION, ETC. (IMPRINT)
Place of publication, distribution, etc. London ;
-- New York :
Name of publisher, distributor, etc. Routledge,
Date of publication, distribution, etc. 1995 [Reprinted 2002].
300 ## - PHYSICAL DESCRIPTION
Pagination ix, 318 p. ;
Size 20 cm.
500 ## - GENERAL NOTE
General note Rev. ed. of: From Descartes to Wittgenstein, 1981.
504 ## - BIBLIOGRAPHY, ETC. NOTE
Bibliography, etc Includes bibliographical references (p. [295]-310) and index.
650 #0 - SUBJECT ADDED ENTRY--TOPICAL TERM
Topical term or geographic name as entry element Philosophy, Modern.
9 (RLIN) 168880
942 ## - ADDED ENTRY ELEMENTS (KOHA)
Source of classification or shelving scheme Dewey Decimal Classification
Koha item type Books
Holdings
Lost status Source of classification or shelving scheme Damaged status Not for loan Collection code Permanent Location Current Location Shelving location Date acquired Source of acquisition Cost, normal purchase price Total Checkouts Full call number Date last seen Copy number Koha item type
  Dewey Decimal Classification   Not For Loan Non-fiction Central Library, University of Rajshahi Central Library, University of Rajshahi Reading Room 08/05/2006 dhaka, paragon Enterprice ltd. 9.99   190 SCS 2002 04/12/2016 C-1 Books